Hilal May-2012 (Record no. 197720)
[ view plain ]
| 000 -LEADER | |
|---|---|
| fixed length control field | 00669 a2200193 4500 |
| 003 - CONTROL NUMBER IDENTIFIER | |
| control field | Nust |
| 005 - DATE AND TIME OF LATEST TRANSACTION | |
| control field | 20170207154438.0 |
| 040 ## - CATALOGING SOURCE | |
| Transcribing agency | Nust |
| 082 ## - DEWEY DECIMAL CLASSIFICATION NUMBER | |
| Classification number | 050 |
| 100 ## - MAIN ENTRY--PERSONAL NAME | |
| Personal name | Maj Gen Athar Abbas,HI(M) |
| 245 ## - TITLE STATEMENT | |
| Title | Hilal May-2012 |
| Statement of responsibility, etc. | Maj Gen Athar Abbas,HI(M) |
| 250 ## - EDITION STATEMENT | |
| Edition statement | 11, Volume 48 |
| 260 ## - PUBLICATION, DISTRIBUTION, ETC. | |
| Place of publication, distribution, etc. | Rawalpindi,Pakistan |
| Name of publisher, distributor, etc. | ISPR Dte |
| Date of publication, distribution, etc. | May-2012 |
| 300 ## - PHYSICAL DESCRIPTION | |
| Extent | English-40 & Urdu-52 p; |
| 505 ## - FORMATTED CONTENTS NOTE | |
| Formatted contents note | Serious Notes (Page-5) Siachen Special (Page-15) Food for Thought (Page-23) Yaum-e-Shuhada (page-14) Economic Profile (page-29) Miscellanea (Page-31) News & Update (Page-32) |
| 538 ## - SYSTEM DETAILS NOTE | |
| System details note | Almirah Journals No.3 Shelf No.2 |
| 650 ## - SUBJECT ADDED ENTRY--TOPICAL TERM | |
| Topical term or geographic name entry element | Qty-2 |
| 651 ## - SUBJECT ADDED ENTRY--GEOGRAPHIC NAME | |
| Geographic name | Pakistan Armed Forces Magazine |
| 942 ## - ADDED ENTRY ELEMENTS (KOHA) | |
| Koha item type | |
| Withdrawn status | Lost status | Source of classification or shelving scheme | Damaged status | Not for loan | Collection code | Permanent Location | Current Location | Date acquired | Total Checkouts | Full call number | Barcode | Date last seen | Price effective from | Koha item type |
|---|---|---|---|---|---|---|---|---|---|---|---|---|---|---|
| Military College of Signals (MCS) | Military College of Signals (MCS) | 12/12/2016 | 050 ABB | MCSP-33/60 | 12/08/2016 | 12/12/2016 | Book |
